00790nam a22002057a 450000500170000001000150001702000110003203500140004303700090005708200130006610000250007924500680010426000370017227001300020930000240033949000110036394200270037499900190040195201640042020250602120915.0 aENG-145084 c140.00 aEN-128616 bDBAD a230.221 aSai, Vasantha981506 aThe Establishment of Prema:bGita Govindam Again/cVasantha Sai aTamil NadubMukthi Nilayamc2007 aRoyapalayam Village B.O. Tirumangalam S.O. Madurai-Virudhunagar Road, Madurai DtbTamil Nadue625706mmukthinilayam@gmail.com aii, 196p.c22cm(pb) vPart 2 2ddccENh230.2mSAIe1 c211484d211484 00103Part 240708NFICaNPLbNPLd2025-06-02eDelivery of Books Act Divisiong140.00l0o230.2 SAIpEN-128616r2025-06-02 00:00:00t1v140.00w2025-06-02yEN